Nommez ces boxeurs - Statistiques

Statistiques générales
  • Ce quiz a été pris 2 008 fois
  • Le résultat moyen est 5 sur 16
Statistiques - réponses
Par images Réponse % Correct
Mohamed Ali
99%
Mike Tyson
76%
Floyd Mayweather Jr.
60%
Manny Pacquiao
43%
George Foreman
40%
Oscar de la Hoya
28%
Rocky Marciano
27%
Joe Frazier
24%
Wladimir Klitschko
24%
Joe Louis
19%
Roberto Duran
19%
Sugar Ray Robinson
18%
Jack Dempsey
14%
Jake LaMotta
11%
Bernard Hopkins
8%
Carlos Monzon
6%
Aucun quiz correspondant
Distribution des résultats
% des personnes avec chaque résultat
Percentile par nombre de réponses
Votre historique - résultats
Vous n’avez pas pris ce quiz